[Event "Swiss Queens Wed #33"]
[Site "FIDE Online Arena INT"]
[Date "2024.09.11"]
[Round "11"]
[White "Abrahamyan, Tatev"]
[Black "Kaliakhmet, Elnaz"]
[Result "1-0"]
[WhiteElo "2327"]
[BlackElo "2137"]
[PlyCount "105"]
[EventDate "2024.09.11"]
[EventType "swiss (blitz)"]
[EventRounds "11"]
[EventCountry "NET"]
[SourceTitle "EXT 2025"]
[Source "ChessBase"]
[SourceDate "2024.10.14"]
[SourceVersion "1"]
[SourceVersionDate "2024.10.14"]
[SourceQuality "1"]

1. e4 c5 2. Nf3 Nc6 3. Nc3 Nf6 4. Bb5 Qc7 5. 0-0 Nd4 6. Re1 a6 7. Bf1 e5 8. Nd5 Nxd5 9. exd5 Nxf3+ 10. Qxf3 d6 11. Qg3 g6 12. f4 Bg7 13. fxe5 dxe5 14. d3 0-0 15. c4 f5 16. Bd2 f4 17. Qf3 Bf5 18. Bc3 Rae8 19. d6 Qxd6 20. Qxb7 g5 21. b4 Rb8 22. Qd5+ Qxd5 23. cxd5 cxb4 24. Bxe5 Bxe5 25. Rxe5 h6 26. d6 Rb6 27. d4 Rxd6 28. d5 Kg7 29. Rae1 Kf6 30. Bc4 Rc8 31. Bb3 a5 32. Re7 Ra8 33. Rc7 a4 34. Bc4 Bd7 35. Rb7 b3 36. axb3 a3 37. Ra1 Bc8 38. Rc7 Bf5 39. Rc6 Ke7 40. Re1+ Kd7 41. Bb5 Rxd5 42. Ra6+ Rxb5 43. Rxa8 Rxb3 44. Ra7+ Kd6 45. Ra1 Rb2 46. Ra6+ Ke7 47. R1xa3 Be4 48. Ra2 Rb1+ 49. Kf2 Rh1 50. Re2 Rxh2 51. Rxe4+ Kf7 52. Rb4 g4 53. Rb7+ 1-0

[Event "Swiss Queens Wed #33"]
[Site "FIDE Online Arena INT"]
[Date "2024.09.11"]
[Round "7"]
[White "Abrahamyan, Tatev"]
[Black "Savitha Shri, B."]
[Result "0-1"]
[WhiteElo "2327"]
[BlackElo "2348"]
[PlyCount "42"]
[EventDate "2024.09.11"]
[EventType "swiss (blitz)"]
[EventRounds "11"]
[EventCountry "NET"]
[SourceTitle "EXT 2025"]
[Source "ChessBase"]
[SourceDate "2024.10.14"]
[SourceVersion "1"]
[SourceVersionDate "2024.10.14"]
[SourceQuality "1"]

1. e4 c5 2. Nf3 e6 3. d4 cxd4 4. Nxd4 a6 5. Nc3 Qc7 6. Bd3 b5 7. 0-0 Bb7 8. Re1 Bc5 9. Nb3 Bd6 10. Qh5 Nf6 11. Qh4 h6 12. f4 b4 13. Nd1 e5 14. Ne3 exf4 15. Nf5 g5 16. Nxd6+ Qxd6 17. Qf2 Ng4 18. e5 Qc6 19. Qf1 Qb6+ 20. Kh1 Nf2+ 21. Kg1 Nxd3+ 0-1

[Event "Swiss Queens Wed #33"]
[Site "FIDE Online Arena INT"]
[Date "2024.09.11"]
[Round "2"]
[White "Shuvalova, Polina"]
[Black "Abrahamyan, Tatev"]
[Result "1-0"]
[WhiteElo "2472"]
[BlackElo "2327"]
[PlyCount "54"]
[EventDate "2024.09.11"]
[EventType "swiss (blitz)"]
[EventRounds "11"]
[EventCountry "NET"]
[SourceTitle "EXT 2025"]
[Source "ChessBase"]
[SourceDate "2024.10.14"]
[SourceVersion "1"]
[SourceVersionDate "2024.10.14"]
[SourceQuality "1"]

1. d4 Nf6 2. c4 e6 3. Nc3 Bb4 4. f3 c5 5. d5 0-0 6. e4 exd5 7. cxd5 Re8 8. Bg5 Nxe4 9. fxe4 Qxg5 10. Nf3 Rxe4+ 11. Kf2 Qe3+ 12. Kg3 Re5 13. h4 c4 14. Bxc4 Bd6 15. Kh3 Qf4 16. Qd4 Qf5+ 17. Qg4 Qxg4+ 18. Kxg4 Re8 19. Rhe1 Rxe1 20. Rxe1 Kf8 21. Nb5 Bb4 22. Re2 Na6 23. d6 b6 24. a3 Bc5 25. b4 Nxb4 26. axb4 Bxb4 27. Nc7 g6 1-0

[Event "Speed Chess (Women) Play In 3"]
[Site "Chess.com INT"]
[Date "2024.08.15"]
[Round "1"]
[White "Abrahamyan, Tatev"]
[Black "Putri, Regita Desyari"]
[Result "1-0"]
[WhiteElo "2327"]
[BlackElo "1932"]
[PlyCount "59"]
[EventDate "2024.08.15"]
[EventType "swiss (blitz)"]
[EventRounds "11"]
[EventCountry "USA"]
[SourceTitle "CBM 221 Extra"]
[Source "ChessBase"]
[SourceDate "2024.09.30"]
[SourceVersion "1"]
[SourceVersionDate "2024.09.30"]
[SourceQuality "1"]

1. e4 e5 2. Nf3 Nc6 3. Bc4 Bc5 4. 0-0 Nf6 5. d3 h6 6. c3 d6 7. Nbd2 Bb6 8. Bb3 0-0 9. Re1 a6 10. h3 Re8 11. Nf1 Be6 12. Bc2 Ne7 13. d4 Ng6 14. Ng3 c6 15. Be3 Bc7 16. Qd2 Kh7 17. Rad1 Qc8 18. Kh2 b5 19. Qc1 a5 20. a4 b4 21. cxb4 axb4 22. b3 Qb7 23. Nf5 Rad8 24. Bxh6 Bxf5 25. exf5 Nf8 26. Bxg7 Kxg7 27. Qg5+ Kh8 28. Qxf6+ Kg8 29. Qg5+ Kh8 30. f6 1-0

[Event "Speed Chess (Women) Play In 3"]
[Site "Chess.com INT"]
[Date "2024.08.15"]
[Round "4"]
[White "Abrahamyan, Tatev"]
[Black "Sihite, Chelsie Monica"]
[Result "0-1"]
[WhiteElo "2327"]
[BlackElo "2258"]
[PlyCount "68"]
[EventDate "2024.08.15"]
[EventType "swiss (blitz)"]
[EventRounds "11"]
[EventCountry "USA"]
[SourceTitle "CBM 221 Extra"]
[Source "ChessBase"]
[SourceDate "2024.09.30"]
[SourceVersion "1"]
[SourceVersionDate "2024.09.30"]
[SourceQuality "1"]

1. e4 e5 2. Nf3 Nc6 3. Bc4 Bc5 4. 0-0 Nf6 5. d3 0-0 6. Nbd2 h6 7. Re1 Ng4 8. Re2 d6 9. h3 Nf6 10. c3 Bb6 11. Nf1 Be6 12. Bb5 Ne7 13. d4 c6 14. Ba4 Ng6 15. Bc2 Qc8 16. Kh2 Nh5 17. Re3 Nhf4 18. Ng1 Bc7 19. dxe5 dxe5 20. Rg3 Kh7 21. Be3 f5 22. exf5 Bxf5 23. Bxf5 Qxf5 24. Qg4 Rad8 25. Qxf5 Rxf5 26. Nd2 e4 27. Nxe4 Nd5 28. Bd4 Bxg3+ 29. Nxg3 Rf7 30. Nf3 b6 31. b4 c5 32. bxc5 bxc5 33. Bxc5 Nxc3 34. Bd4 Rxf3 0-1

[Event "Speed Chess (Women) Play In 3"]
[Site "Chess.com INT"]
[Date "2024.08.15"]
[Round "11"]
[White "Tokhirjonova, Gulruhbegim"]
[Black "Abrahamyan, Tatev"]
[Result "1-0"]
[WhiteElo "2380"]
[BlackElo "2327"]
[PlyCount "81"]
[EventDate "2024.08.15"]
[EventType "swiss (blitz)"]
[EventRounds "11"]
[EventCountry "USA"]
[SourceTitle "CBM 221 Extra"]
[Source "ChessBase"]
[SourceDate "2024.09.30"]
[SourceVersion "1"]
[SourceVersionDate "2024.09.30"]
[SourceQuality "1"]

1. Nf3 Nf6 2. g3 g6 3. Bg2 Bg7 4. 0-0 0-0 5. d4 d6 6. c4 Nc6 7. Nc3 a6 8. h3 Rb8 9. a4 a5 10. Bf4 Nd7 11. Qd2 e5 12. Bg5 f6 13. Bh6 Nb6 14. Bxg7 Kxg7 15. b3 Qe7 16. e4 exd4 17. Nxd4 Nxd4 18. Qxd4 Qe5 19. Qd2 Be6 20. Kh2 c6 21. Rad1 Rbd8 22. f4 Qc5 23. Ne2 Bf7 24. Nd4 Rfe8 25. Rfe1 Rd7 26. h4 Rde7 27. Nc2 Rd7 28. Bf3 d5 29. cxd5 cxd5 30. e5 fxe5 31. fxe5 d4 32. Bg4 Rde7 33. h5 Rxe5 34. h6+ Kg8 35. Rxe5 Qxe5 36. Nxd4 Rd8 37. Qf2 Rd6 38. Rf1 Qe7 39. Nb5 Re6 40. Bxe6 Bxe6 41. Qxb6 1-0

[Event "Speed Chess (Women) Play In 3"]
[Site "Chess.com INT"]
[Date "2024.08.15"]
[Round "2"]
[White "Zhukova, Natalia"]
[Black "Abrahamyan, Tatev"]
[Result "1-0"]
[WhiteElo "2302"]
[BlackElo "2327"]
[PlyCount "67"]
[EventDate "2024.08.15"]
[EventType "swiss (blitz)"]
[EventRounds "11"]
[EventCountry "USA"]
[SourceTitle "CBM 221 Extra"]
[Source "ChessBase"]
[SourceDate "2024.09.30"]
[SourceVersion "1"]
[SourceVersionDate "2024.09.30"]
[SourceQuality "1"]

1. c4 Nf6 2. Nc3 e6 3. e4 d5 4. e5 d4 5. exf6 dxc3 6. bxc3 Qxf6 7. Nf3 Bd6 8. d4 h6 9. Bd3 0-0 10. Qe2 c5 11. 0-0 Nc6 12. Qe4 Rd8 13. Be3 Qf5 14. Qxf5 exf5 15. d5 Na5 16. g3 b6 17. Nd2 Ba6 18. Bxf5 Nxc4 19. Nxc4 Bxc4 20. Rfd1 Be5 21. Be4 Rac8 22. a3 b5 23. Rac1 a5 24. f4 Bd6 25. Kg2 a4 26. Kf3 b4 27. cxb4 cxb4 28. axb4 Bxb4 29. Bf5 Rc7 30. Bb6 Rcd7 31. Bxd7 Rxd7 32. Rd4 Bb3 33. Rdc4 Bxc4 34. Rxc4 1-0

[Event "Speed Chess (Women) Play In 1"]
[Site "Chess.com INT"]
[Date "2024.08.12"]
[Round "10"]
[White "Antolak, Julia"]
[Black "Abrahamyan, Tatev"]
[Result "0-1"]
[WhiteElo "2307"]
[BlackElo "2327"]
[PlyCount "62"]
[EventDate "2024.08.12"]
[EventType "swiss (blitz)"]
[EventRounds "11"]
[EventCountry "USA"]
[SourceTitle "CBM 221 Extra"]
[Source "ChessBase"]
[SourceDate "2024.09.30"]
[SourceVersion "1"]
[SourceVersionDate "2024.09.30"]
[SourceQuality "1"]

1. d4 Nf6 2. c4 e6 3. Nc3 Bb4 4. f3 c5 5. d5 0-0 6. e4 Re8 7. Nge2 exd5 8. cxd5 b5 9. Ng3 a6 10. Be2 d6 11. 0-0 Nbd7 12. Bd2 Ne5 13. h3 Ba5 14. Be3 Bb6 15. Kh2 Bd7 16. Bf2 c4 17. Bxb6 Qxb6 18. f4 Ng6 19. a3 a5 20. Qd2 b4 21. axb4 axb4 22. Rxa8 Rxa8 23. Nd1 Rc8 24. Qc2 Qd4 25. Rf3 h5 26. f5 Ne5 27. Rf4 c3 28. bxc3 bxc3 29. Nxh5 Nxh5 30. Bxh5 Ba4 31. Qf2 Qxf2 0-1